Statistics for Locally Northernmost Capitals

Click here to take the quiz!

General Stats

  • This quiz has been taken 25 times
  • The average score is 8 of 22

Answer Stats

N Capital City % Correct
17Ottawa
95%
195Reykjavik
90%
39Helsinki
81%
5M{exico City}
71%
7Astana
52%
6Dublin
48%
4H{anoi}
38%
5N{assau}
33%
12Tbilisi
33%
4G{aborone}
33%
4B{rasilia}
29%
4A{msterdam}
24%
4A{buja}
24%
5K{hartoum}
24%
10Nouakchott
24%
16Niamey
24%
6Bamako
19%
4B{elmopan}
19%
4N{'Djamena}
19%
4N{icosia}
19%
7Basseterre
14%
10Majuro
10%

Score Distribution

Percentile by Number Answered

Percent of People with Each Score

Your Score History

You have not taken this quiz